000 007080am a2200241 004500
003 EG-GiCUC
008 080529m19021903fr c 000 0afre d
040 _aDLC
_cCarP
_dDLC
050 0 0 _aMicrofilm 24610 PQ
050 1 0 _aPQ2323
_b.L8
092 0 4 _a841.8
_bL167
_221
099 _a04
_a841.8 L167
100 1 _aLaforgue, Jules,
_d1860-1887.
245 1 0 _aђ́ўuvres completes de Jules Laforgue ...
260 _aParis:
_bSociete dv mercvre de France,
_c1902-03.
300 _a3 v.:
_bfront. (port., v. 3);
_c19 cm.
590 _aLibrary has Tome ii only.
600 1 0 _aLaforgue, Jules,
_d1860-1887.
_tComplaintes.
902 _a1
905 _aJamal
_eCat
905 _aMona
_eRev
942 _2ddc
_cBK
999 _c106211
_d106211